| 000 | 01122cab a2200337 4500 | ||
|---|---|---|---|
| 001 | WB3026-40 | ||
| 008 | 090401t1994 xxu||||| |||| 00| 0 eng d | ||
| 035 | _a(Sirsi) u80496 | ||
| 041 | _aeng | ||
| 245 | _aResidential property in Sydney | ||
| 260 | _c1994 | ||
| 350 | _a0 | ||
| 490 |
_aFinancial Times _v2 July 1994, X-XI(2) |
||
| 520 | _aRundown areas of Sydney are being `gentrified` as homebuyers are unable to afford high prices in better parts of the city. Auctions are preferred to private treaty by vendors in Victoria. | ||
| 650 | _aAUSTRALIA | ||
| 650 | _aESTATE AGENCY | ||
| 650 | _aHOUSE PRICES | ||
| 650 | _aHOUSE PURCHASE | ||
| 650 | _aHOUSING MARKET | ||
| 650 | _aMELBOURNE | ||
| 650 | _aPARTICULARS | ||
| 650 | _aPRIVATE RENTED SECTOR | ||
| 650 | _aPROPERTY-PROPERTY ACQUISITION AND DISPOSAL-ACQUISITION AND DISPOSAL BY PRIVATE TREATY | ||
| 650 |
_aAuctioneering _96218 |
||
| 650 | _aSYDNEY | ||
| 650 | _aURBAN REGENERATION | ||
| 690 | _aPROPERTY-RESIDENTIAL PROPERTY-RESIDENTIAL PROPERTY MARKET | ||
| 690 | _aOVERSEAS-REST OF THE WORLD | ||
| 942 | _n0 | ||
| 948 | _c04/03/1997 | ||
| 999 |
_c50688 _d50688 |
||